Giáo dục học tiểu học I Sách dùng cho hệ Cử nhân Giáo dục Tiểu học
Cơ sở chung của giáo dục tiểu học và lý luận dạy học tiểu học: giáo dục và sự phát triển nhân cách, quá trình dạy học, nguyên tắc dạy, nội dung dạy và phương pháp dạy học tiểu học
محفوظ في:
| المؤلف الرئيسي: | |
|---|---|
| مؤلفون آخرون: | |
| التنسيق: | كتاب |
| اللغة: | Vietnamese |
| منشور في: |
H.
Đại học Sư phạm
2008
|
| الموضوعات: | |
| الوسوم: |
إضافة وسم
لا توجد وسوم, كن أول من يضع وسما على هذه التسجيلة!
|
| Thư viện lưu trữ: | Mạng thư viện Đại học Đà Nẵng |
|---|
| LEADER | 01440aam a22003498a 4500 | ||
|---|---|---|---|
| 001 | 000006482 | ||
| 003 | 2638 | ||
| 005 | 20110913070921.0 | ||
| 008 | 110913s2008 viesd | ||
| 020 | |c 52000đ |d 6000b | ||
| 041 | 0 | |a vie | |
| 082 | 1 | 4 | |2 14 |a 372.01 |b ĐA-H |
| 100 | 1 | |a Đặng Vũ Hoạt | |
| 245 | 1 | 0 | |a Giáo dục học tiểu học I |b Sách dùng cho hệ Cử nhân Giáo dục Tiểu học |c Đặng Vũ Hoạt, Phó Đức Hoà |
| 260 | |a H. |b Đại học Sư phạm |c 2008 | ||
| 300 | |a 331tr. |b bảng |c 24cm | ||
| 504 | |a Thư mục: tr. 330 | ||
| 520 | |a Cơ sở chung của giáo dục tiểu học và lý luận dạy học tiểu học: giáo dục và sự phát triển nhân cách, quá trình dạy học, nguyên tắc dạy, nội dung dạy và phương pháp dạy học tiểu học | ||
| 650 | 7 | |2 Bộ TK TVQG |a Giáo dục học | |
| 650 | 7 | |2 Bộ TK TVQG |a Tiểu học | |
| 655 | 7 | |2 Bộ TK TVQG |a Giáo trình | |
| 700 | 1 | |a Phó Đức Hoà | |
| OWN | |a LSP | ||
| AVA | |a UDN50 |b LSP |d 372.01 ĐA-H |e check_holdings |t Error 5003 Not defined in file expand_doc_bib_avail. |h N |k 1 | ||
| 999 | |a From the UDN01 | ||
| AVA | |a UDN50 |b LSP |d 372.01 ĐA-H |e available |t Error 5001 Not defined in file expand_doc_bib_avail. |f 22 |g 0 |h N |i 14 |k 1 | ||
| TYP | |a Monograph | ||
| TYP | |a Printed language | ||
| 980 | |a Mạng thư viện Đại học Đà Nẵng | ||